|
|
|
|
| LEADER |
00000naa2a2200000 4500 |
| 001 |
389143 |
| 005 |
20231101063829.0 |
| 035 |
|
|
|a (RuTPU)RU\TPU\prd\21017
|
| 090 |
|
|
|a 389143
|
| 100 |
|
|
|a 20040105a2003 k y0rusy50 ca
|
| 101 |
0 |
|
|a rus
|
| 102 |
|
|
|a RU
|
| 200 |
1 |
|
|a Определение частоты аварий и значений факторов риска подземных хранилищ углеводородов в каменной соли методом экспертного анализа
|f С. Б. Бекетов, В. Н. Евик, Г. Л. Гендель и др.
|
| 225 |
1 |
|
|a Промышленная безопасность
|
| 320 |
|
|
|a Библиогр.: 2 назв.
|
| 461 |
|
1 |
|0 (RuTPU)RU\TPU\prd\1137
|t Безопасность жизнедеятельности
|o научно-практический и учебно-методический журнал
|d 2001-
|
| 463 |
|
1 |
|0 (RuTPU)RU\TPU\prd\20654
|t № 11
|v С. 13-21
|d 2003
|
| 610 |
1 |
|
|a аварии
|
| 610 |
1 |
|
|a риск
|
| 610 |
1 |
|
|a подземные хранилища
|
| 610 |
1 |
|
|a углеводороды
|
| 610 |
1 |
|
|a каменная соль
|
| 610 |
1 |
|
|a метод экспертного анализа
|
| 610 |
1 |
|
|a определение частоты
|
| 610 |
1 |
|
|a экспертные оценки
|
| 610 |
1 |
|
|a факторы
|
| 675 |
|
|
|a 574
|v 3
|
| 701 |
|
1 |
|a Бекетов
|b С. Б.
|
| 701 |
|
1 |
|a Евик
|b В. Н.
|
| 701 |
|
1 |
|a Гендель
|b Г. Л.
|
| 701 |
|
1 |
|a Яковенко
|b Н. А.
|
| 701 |
|
1 |
|a Кубланов
|b А. В.
|
| 701 |
|
1 |
|a Теплов
|b М. К.
|
| 701 |
|
1 |
|a Федчук
|b В. И.
|
| 801 |
|
1 |
|a RU
|b 63413507
|c 20040105
|g PSBO
|
| 801 |
|
2 |
|a RU
|b 63413507
|c 20160805
|g RCR
|
| 942 |
|
|
|c BK
|